|
|
|
|
| LEADER |
00000cam a2200000 i 4500 |
| 001 |
1/103841 |
| 008 |
090407s1976 gr | ||| |||| ||gre|| |
| 035 |
|
|
|l 10104202
|
| 040 |
|
|
|a GR-MY-UA
|b gre
|e aacr
|
| 041 |
0 |
|
|a gre
|
| 082 |
0 |
|
|a 155
|2 (22)
|
| 100 |
1 |
|
|a Πολίτης, Σπυρίδων Αρ.
|
| 245 |
1 |
0 |
|a Ψυχολογία του αναπτυσσομένου ανθρώπου /
|c Σπ. Α. Πολίτου
|
| 260 |
|
|
|a Αθήναι :
|b [χ.ό.],
|c 1976
|
| 300 |
|
|
|a 2 τ.;
|c 24 εκ.
|
| 505 |
0 |
|
|a Τ.1. Αι μέθοδοι, το βρέφος, το νήπιον, ο μαθητής
|
| 650 |
0 |
0 |
|a Developmental psychology.
|
| 852 |
|
|
|a INST
|b RHODES
|c AKA
|e 20090407
|h 155 ΠΟΛ
|p 005400032068
|q 005400032068
|t BK
|v τ.1:
|y 0
|z τ.1
|
| 853 |
|
|
|a INST
|b RHODES
|c AKA
|h 155 ΠΟΛ
|
| 901 |
|
|
|a BIBL4-2009-1
|
| 909 |
|
|
|a Ρ
|b 157096
|
| 970 |
|
|
|a ΚΟΖΑ
|b ΜΑΡΙΑ
|z 2009/04/07
|